000 01928nam0a2200373 4500
001 RU\NLR\bibl\1284373
005 20260405173622.0
010 _a978-5-91522-031-6
_9500
021 _aRU
_b2008-65266
_93716
035 _a(NLR Aleph) 001270109
090 _a433646
_c433646
100 _a20081015d2008 |||y0rusy50 ca
101 0 _arus
102 _aRU
105 _aa |||||||||
200 1 _aОткрытие месторождений золота Тихоокеанского рудного пояса (1959-2008 годы)
_fС.Ф. Стружков, В.В. Аристов, В.А. Данильченко [и др.]
_gотв. ред. д.г.-м.н. М.М. Константинов
210 _aМосква
_cНаучный мир
_d2008
215 _a214, [1] с., [20] л. цв. ил.
_cил., карт.
_d30
300 _aРез. на англ. яз.
320 _aБиблиогр.: с. 205-213
320 _aАлф. указ. осн. месторождений: с. 214
606 1 _aЗолоторудные месторождения
_xИстория открытия
_yТихоокеанский рудный пояс
_z1959 - 2008
_92545682
_3RU\NLR\auth\661506750
686 _aД451.41-09(051)г
701 1 _4070
_8rus
_7ca
_aСтружков
_bС. Ф.
_gСергей Феликсович
_3RU\NLR\auth\7774979
_957907
701 1 _4070
_8rus
_7ca
_aДанильченко
_bВ. А.
_gВиктор Александрович
_3RU\NLR\auth\7774977
_957905
701 1 _4070
_8rus
_7ca
_aАристов
_bВ. В.
_gВасилий Васильевич
_3RU\NLR\auth\7774982
_957910
702 1 _4340
_8rus
_7ca
_aКонстантинов
_bМ. М.
_cд-р геол.-минерал. наук
_f1937-2017
_gМихаил Михайлович
_3RU\NLR\AUTH\7748225
_931160
801 0 _aRU
_bNLR
_c20081015
_gRCR
801 1 _aRU
_bNLR
_c20081015
830 _aпо эк
942 _cBOOK
980 _aNB